000 00384cam a22001337a 4500
008 180718b1960 xxu||||| |||| 00| 0 eng d
082 _aX637 X42 C38
100 _aCharlesworth, G.
245 _aRoad juctions in rural areas
_cBy G. Charlesworth and J.C. Tanner
260 _aLondon
_bHMSO
_c1960
300 _a9p
650 _aTraffic safety [from old catalog]
700 _aTanner,J.C.
999 _c410985
_d410985